Estadísticas para Logotipos de la Marca #1

Haz click aquí para intentar la prueba.

Estadísticas generales

  • Esta prueba ha sido intentada 964 veces
  • La puntuación promedio es 14 de 20

Estadísticas de respuestas

marca% Correcto
Adidas
99%
Amazon
99%
Apple
99%
Monster
98%
Pepsi
98%
KFC
97%
Wikipedia
97%
PlayStation
94%
Pringles
91%
Shell
85%
Taco Bell
85%
Pizza Hut
80%
JetPunk
55%
BP
48%
Yamaha
47%
Target
42%
Atari
37%
Firestone
37%
Dolby
35%
Xerox
14%

Distribución de puntuación

Porcentaje por número respondido

Porcentaje de gente con cada puntuación

Historial de tus puntuaciones

No has intentado esta prueba.